| 000 | 00327nam a22001097a 4500 | ||
|---|---|---|---|
| 082 | _a694.1 GRA'A | ||
| 100 |
_aGRAHAM, FRANK D _942150 |
||
| 245 | _aAUDELS CARPENTERS AND BUILDERS GUIDE 4&3 A PRACTICAL ILLUSTRATED TRADE ASSITANT ON MODERN CONSTRUCTION | ||
| 260 |
_aNEWYORK _bAUDELS & CO _c1961 |
||
| 300 | _a1560P | ||
| 942 | _cBK | ||
| 999 |
_c567274 _d567274 |
||